| 000 | 00722nam a2200205Ia 4500 | ||
|---|---|---|---|
| 003 | GCL | ||
| 008 | 140319s9999 xx 000 0 ara d | ||
| 040 |
_aGCL / _cGCL |
||
| 082 | 0 | 4 |
_a863.01 _bت م |
| 100 | 1 | _aمنير عبدالامين | |
| 245 | 1 | 0 |
_aمكاريو والطيف: قصتان (هدية من الاديب عبدالفتاح الجمل) / _cمنير عبدالامين |
| 700 | 1 | _aترافن، ب | |
| 300 | _a137 ص | ||
| 490 |
_aمن روائع القصص _v0 |
||
| 650 | 0 | 4 | _aالقصص الاسبانية المترجمة |
| 650 | 0 | 4 | _aالادب العالمى المترجم |
| 650 | 0 | 4 | _aالادب الاسبانى المترجم |
| 650 | 0 | 4 | _aالقصص الاسبانية |
| 942 |
_2ddc _cBK |
||
| 999 |
_c45878 _d45878 |
||